Un sueño de pasion : la elaboracion del metodo /
Guardado en:
| Autor Principal: | |
|---|---|
| Formato: | Libro |
| Publicado: |
Buenos Aires :
Emece,
1993
|
| Materias: | |
| Etiquetas: |
Agregar Etiqueta
Sin Etiquetas, Sea el primero en etiquetar este registro!
|
| LEADER | 00617nam a22002055a 4500 | ||
|---|---|---|---|
| 001 | EHU.bham028813 | ||
| 003 | AR-BHAM | ||
| 005 | 20110518144727.0 | ||
| 008 | 130507s1993##################000#0#####d | ||
| 082 | 7 | 9 | |a 792.09 |
| 100 | 1 | |a Strasberg, Lee | |
| 245 | 1 | 0 | |a Un sueño de pasion : |b la elaboracion del metodo / |c Lee Strasberg , , |
| 260 | |a Buenos Aires : |b Emece, |c 1993 | ||
| 300 | |a 238 p. | ||
| 500 | |a Edición de Evangeline Morphos | ||
| 653 | |a Teatro-estudios | ||
| 653 | |a Teatro-enseÑanza | ||
| 653 | |a Actuacion | ||
| 653 | |a Teatro-metodologia | ||
| 859 | |a AR-BHAM |b BIB. HUMANIDADES - General |h 792.09 |i ST81 |p 1.06 |t Ej.1 | ||
